| 000 | 01078nas a2200337 4500 | ||
|---|---|---|---|
| 001 | BR2010003830 | ||
| 003 | BR-BrBNA | ||
| 005 | 20231205114631.0 | ||
| 007 | ta | ||
| 008 | 230509b bl.|||p| |||| 00| 00por d | ||
| 040 |
_aBR-BrBNA _bpor _cBiblioteca Nacional de Agricultura |
||
| 041 | _a(Pt) | ||
| 072 | _aL01; L02 | ||
| 100 | 1 | _aCunha Filho, L.F.C. da | |
| 100 | 1 | _aChiacchio, S.B. | |
| 100 | 1 | _aGonçalves, R.C. | |
| 100 | 1 | _aPardo, P.E. | |
| 100 | 1 | _aGaste, L. | |
| 100 | 1 | _aOkano, W. | |
| 100 | 1 | _aCrocci, A.J. | |
| 245 | 1 | _aAvaliação da produção de leite e contagem de células somáticas em bovinos leiteiros suplementados com Saccharomyces cerevisiae como fonte de zinco orgânico | |
| 650 | _aGADO LEITEIRO | ||
| 650 | _aGADO HOLANDÊS | ||
| 650 | _aPRODUÇÃO LEITEIRA | ||
| 650 | _aZINCO | ||
| 650 | _aCÉLULA | ||
| 650 | _aSUPLEMENTO ALIMENTAR | ||
| 773 | 0 |
_tSemina. Ciências Agrárias (Brazil) _xISSN 1676-546X _g(Oct-Dec 2007), v. 28(4) p. 685-693 _wBR2010003830 |
|
| 909 |
_a202311 _bLúcia _c55 _dLúcia Elande |
||
| 942 |
_2AGRIS _n0 _cANA |
||
| 999 |
_c209674 _d209674 |
||